00918nam a2200241 a 450000100060000000300080000600500170001400800410003103500190007204000270009104100080011808200240012610000220015024500500017226000620022230000310028465000340031565000190034994200120036899900170038095201390039795201400053667359BD-RjUL20211209081636.0170323r1964 nyua 000 0 eng d a(BD-RjUL)67490 aDLCcDLCdBD-RjULbeng aeng00a541.2223bGAM 19641 aGamow, G.919957210aMr. Tompkins explores the atom /cby G. Gamow aNew York :bThe University press,c1944 [Reprinted 1964]. ax, 97 p. :bill. ;c22 cm. 0aTheoretical Chemistry9199573 0aAtoms.9191980 2ddccBK c67359d67359 00102ddc40718NFICaRUCLbRUCLcReadingd2021-12-09ezeithingerg25.00l0o541.2 GAM 1964r2017-03-23 00:00:00tC-1w2017-03-23yBK 00102ddc40708NFICaRUCLbRUCLcStackd1962-01-30eB.H.Black Wellg1.11l0o541.2 GAM 1964r2017-03-29 00:00:00tC-2w2021-12-09yBK